Регионална библиотека "Любен Каравелов" - Русе

75 Etuden fur Klarinette [нотирана музика] (Запис номер 351997)

MARC детайли
000 -Лидер
Контролно поле с фиксирана дължина ncm a22 a 4500
003 - Код на организацията, давaща контролен номер
Контролно поле BLK
005 - Дата и час на последна редакция
Контролно поле 20200407091115.0
008 - Елементи от данни с фиксирана дължина
fixed length control field 200407b bu ||||| |||| 00| 0 bu d
040 ## - Източник на каталожния запис
Идентификатор на билиотеката - собственик на записа BLK
041 ## - Код за език
Код за езика на текст/звукозапис или на отделно заглавие Български
Код за езика КДБФ Български
080 ## - УДК
Текстов определител УДК Кларинет, баскларинет, басетхорн
УДК код - определител по УДК 788.6
УДК - код + определител 788.6
100 ## - Редна дума - Автор
R(LIN) 403913
Автор Видерман, Людвиг
Авторска отговорност първи автор
139 ## - Редно поле
Редна дума Видерман, Людвиг
Авторски знак Вид - В 57
245 ## - Сведения за заглавието
Заглавие 75 Etuden fur Klarinette [нотирана музика]
Редно поле (дума) Ludwig Wiedemann
257 ## - Страна на издаване
Страна на създаване/издаване Германия
260 ## - Област на издателските данни
9 (RLIN) 402906
Място на издаване, разпространение и проч. Leipzig
Име на издателя, разпространителя и проч. Breitkopf & Härtel
Година на издаване 1986
300 ## - Физическа характеристика
Страници 105 с.
Размери/Мащаб 30 см
380 ## - Жанр
Жанр Изкуство
650 #0 - Допълнително описание по предмет – тема
9 (RLIN) 353811
Основно описание – тема или топоним Кларинет - етюди, гами
653 #7 - Ключова дума – ненормативна
9 (RLIN) 188643
Ключова дума кларинети
653 #7 - Ключова дума – ненормативна
9 (RLIN) 186510
Ключова дума етюди
852 ## - Местоположение
Форматна сигнатура Цб М ІІ 4637
Фондова буква Отдел Изкуство - подръчен фонд
999 ## - СИСТЕМНИ КОНТРОЛНИ НОМЕРА
Koha biblionumber 351997
Koha biblioitemnumber 351997
942 ## - АРТИКУЛИ
Вид на библиотечния материал Нотни издания
Скрит в OPAC Не
Периодичен библиозапис Да
944 ## - СЪЗДАВАНЕ И РЕДАКЦИЯ на ЗАПИСА
Дата на регистрацията/редакция 2020-04-07
Служител, извършил регистрацията/редакцията Валентина Караджова
Наличности
Код за отписване Код за изгубен артикул Източник на класификационната схема Код за повреда Коз за рестрикции Код за отдаване Артикулен № Име на библиотеката - собственик Име на библиотеката, в която се намира в момента Статус (Текущо местоположение) Дата на вписване в системата Местоположение - отдел Цена в лева Инвентарен номер Систематично азбучна сигнатура Баркод Цена в евро Служебен тип на артикула
  Не е изгубен Universal Decimal Classification Не е повреден без рестрикции заемане за дома 759611 Регионална библиотека "Любен Каравелов" Русе Регионална библиотека "Любен Каравелов" Русе Отдел Изкуство - подръчен фонд 2020-04-08 Отдел Изкуство - подръчен фонд 0.00 1505/90 788/В 57 Л 900000004245 0.00 Нотни издания
  Не е изгубен Universal Decimal Classification Не е повреден само за читалня ползва се в читалня 764678 Регионална библиотека "Любен Каравелов" Русе Регионална библиотека "Любен Каравелов" Русе Хранилище 2020-04-26 Основен фонд - ползва се само за читалня 0.00 1504/90 Цб M II 4637 900000005429 0.00 Нотни издания
Vip Innovations Ltd, Rousse, Bulgaria 2025